Welk Afrikaans land? - Meerkeuze - Statistieken

Algemene statistieken
  • Deze quiz is 46 keer genomen
  • De gemiddelde score is 7 van 15
Antwoordstatistieken
Vraag Antwoord % Correct
Welk land werd het laatst onafhankelijk? Met andere woorden, welk land is het jongst? Eritrea
86%
Welk land heeft de grootste populatie Afrikaanse olifanten? Botswana
71%
Waar ligt de Kilimanjaro? Tanzania
71%
Welk land is het grootst qua oppervlakte? Tsjaad
71%
In welk land werd het WK voetbal van 2010 georganiseerd? Zuid-Afrika
71%
Welk land grenst aan Niger? Burkina Faso
57%
Van welk land werd de hoofdstad vernoemd naar een Amerikaanse president? Liberia
57%
Welk land werd gekoloniseerd door de Portugezen? Mozambique
57%
Welk land heeft het hoogste inwoneraantal? Nigeria
57%
In welk hedendaags land lag de voormalige stad Carthago? Tunesië
43%
Van welk land werd de leider aan de kant gezet tijdens de Arabische Lente? Egypte
29%
In welk land ligt het westelijke punt op het Afrikaanse vasteland? Senegal
29%
In welk land liggen de hoofdkwartieren van de Afrikaanse Unie? Ethiopië
14%
Welk land heeft het hoogste percentage moslims? Mauretanië
14%
Welke eilandstaat stond bekend vanwege de Dodo? Mauritius
14%
Geen overeenkomende quizzen gevonden
Scoreverdeling
Procent van Mensen met Elke Score
Percentiel versus Aantal Correcte Antwoorden
Uw Scoregeschiedenis
U heeft deze quiz nog niet genomen